00309 a2200133 450000100060000002000270000604000240003310000180005724000280007524500230010330000090012636200090013565000310014447211 a9788578480264 (broch.) cAnchieta - Aquarius aLenz, Patrick10aTom e o pássaro lpor10aTom e o pássaro  a27p.0 a2009 4aLiteratura infanto-juvenil